Are You Smarter Than a College Student? XXXV Quiz Stats

 Plays Quiz Updated Nov 5, 2017

Score 0/30 Timer 07:00
5 Plays Today
Hint Answer % Correct
EasyMonopoly
96.2%
Easymosquito
95.4%
Easymolar
93.5%
EasyMorse code
92.2%
EasyMona Lisa
91.6%
Easymozzarella
90.3%
EasyMonica
85.1%
EasyMormon
83.6%
EasyMongol empire
78.9%
EasyMorocco
78.5%
MediumMoana
77.2%
Mediummocha
76.8%
MediumMontague
74%
MediumMolotov cocktail
68.2%
MediumMontgomery
66.9%
Hint Answer % Correct
MediumMoulin Rouge
64.9%
Mediummolasses
64%
Mediummonkey
61.4%
MediumMojave Desert
55.4%
MediumMoonraker
52.9%
HardMontréal
52.8%
Hardmorphine
50.2%
Hardmobile
47.6%
Hardmomentum
44.8%
Hardmongoose
44.6%
HardMoctezuma II
41.4%
HardMorrissey
32.7%
HardMoesha
30.1%
HardMolière
22.6%
Hardmolybdenum
19.5%

You're not logged in!

Compare scores with friends on all Sporcle quizzes.
OR
Log In

You Might Also Like...

Show Comments

Extras

Top Quizzes Today


Score Distribution

Your Account Isn't Verified!

In order to create a playlist on Sporcle, you need to verify the email address you used during registration. Go to your Sporcle Settings to finish the process.

Report this User

Report this user for behavior that violates our Community Guidelines.

Details: